书目信息 |
| 书名: | A higher course of English study | |
| 作者: | Ronald Mackin, David Carver. | |
| 分册号: | ||
| 分册名: | 出版地: | London : |
|
| 出版社: | Oxford University Pr | |
| 出版时间: | 1971. | |
| 页数: | 159 p. | |
| 开本: | ||
| 丛书名: | ||
| 中图分类号: | ||
| 科图分类号: | ||
| 其他分类号: | H31 | |
| 主题词: | ||
| 电子资源: | ||
| 000 | 00515nam 22001817a 4500 | |
| 001 | E0762310659 | |
| 005 | 20070224173009.82 | |
| 008 | 0304111971 enka b 001 0 eng d | |
| 020 | @a0-19-435206-4 :@cCNY1.75. | |
| 040 | @aNUL@cNUL | |
| 090 | @aJ688.4/W471 | |
| 090 | @aH31 | |
| 099 | @dH31@ex169:2 | |
| 100 | 1 | @aMackin, Ronald. |
| 245 | 12 | @aA higher course of English study.@n2 / @cRonald Mackin, David Carver. |
| 260 | @aLondon :@bOxford University Pr.,@c1971. | |
| 300 | @a159 p. | |
| 700 | 1 | @aCarver, David. |
| A higher course of English study.. 2 / / Ronald Mackin, David Carver.-London : : Oxford University Pr., , 1971. |
| 159 p. |
| ISBN 0-19-435206-4 :CNY1.75. |
| ● |
| 相关链接 |
|
|
|
|
正题名:higher course of English study
索取号:H31/x169:2
 
预约/预借
| 序号 | 登录号 | 条形码 | 馆藏地/架位号 | 状态 | 备注 |
| 1 | 21515 | 001034151 | 密集书库/ [索取号:H31/x169:2] | 在馆 | |
| 2 | 21516 | 001034124 | 第四借阅区/ [索取号:H31/x169:2] | 在馆 | |
| 3 | 21517 | 001034133 | 第四借阅区/ [索取号:H31/x169:2] | 在馆 | |
| 4 | 21518 | 001034160 | 第四借阅区/ [索取号:H31/x169:2] | 在馆 | |
| 5 | 68656 | 001034115 | 密集书库/ [索取号:H31/x169:2] | 在馆 | |
| 6 | 68657 | 001034142 | 第四借阅区/ [索取号:H31/x169:2] | 在馆 | |
| 7 | 68658 | 001034179 | 第四借阅区/ [索取号:H31/x169:2] | 在馆 |